| 000 | 01002nam a22003497a 4500 | ||
|---|---|---|---|
| 001 | BR8105684 | ||
| 003 | BR-BrBNA | ||
| 005 | 20230928091043.0 | ||
| 007 | ta | ||
| 008 | 230509b bl.||||| |||| 00| 0 por d | ||
| 040 |
_aBR-BrBNA _bpor _cBiblioteca Nacional de Agricultura |
||
| 041 | _a(Por) | ||
| 072 |
_aF00; F27; L30 _b1900 |
||
| 090 | _ 1900 BR8105684 | ||
| 110 | 1 |
_aBrasilsul Agro Pecuaria Ltda., Porto Alegre, RS _91294 |
|
| 245 | 1 | _aForrageiras de outono/inverno [planta forrageira, pratica cultural, pastagem consorciada] | |
| 260 | 3 |
_aPorto Alegre, RS (Brasil): _c[nd]. |
|
| 300 | _a32 p. | ||
| 500 | _a8 illus.; Published after 1980 | ||
| 650 | _aPLANTA FORRAGEIRA | ||
| 650 | _aVARIEDADE | ||
| 650 | _aCULTIVO DO SOLO | ||
| 650 | _aADUBACAO | ||
| 650 | _aSEMENTE | ||
| 650 | _aINOCULACAO | ||
| 650 | _aPODER GERMINATIVO | ||
| 650 | _aPUREZA | ||
| 650 | _aPASTEJO ROTATIVO | ||
| 650 | _aPASTAGEM CONSORCIADA | ||
| 909 |
_a202309 _bLucia _c55 _dLucia Elande |
||
| 942 | _cBK | ||
| 999 |
_c31971 _d31971 |
||